000 00672nam a2200229Ia 4500
003 OSt
005 20220926041011.0
006 a|||||r|||| 00| 0
007 ta
008 220923b |||||||| |||| 00| 0 eng d
037 _cGeneral Book
040 _aRTL
_cRTL
_beng
041 _2eng
_aeng
082 _aX:75.44Q76.N47<--N46, H6
110 _aNorth-West Frontier Province
245 0 _aPost- war development plan for the North-West frontier province and tribal areas
260 _c1946
650 _aEconomics
700 _aNorth-West Frontier Province
942 _hX:75.44Q76.N47<--N46, H6
_cGB
_2CC
999 _c666188
_d666188